000 00677cab a2200241 4500
001 ABS54130
008 090401t1996 xxu||||| |||| 00| 0 eng d
035 _a(Sirsi) u8717
041 _aeng
245 _aCast in stone
260 _c1996
350 _a0
490 _aConstruction Manager
_v2(1) December 1995/January 1996, 12-14(3)
520 _aConsiders the use of cast stone, an alternative to stone, as a cost cutting measure.
650 _aBS 5628
650 _aCAST STONE
650 _aINSTALLATION
650 _aSPECIFICATION
650 _aUK CAST STONE ASSOCIATION
690 _aBUILT ENVIRONMENT-BUILDING MATERIALS
942 _n0
948 _c04/03/1997
999 _c5406
_d5406